Maths de clic fou - Statistiques

Statistiques générales
  • Ce quiz a été pris 3 111 fois
  • Le résultat moyen est 16 sur 30
Statistiques - réponses
Hint Réponse % Correct
1+1 2
99%
Quel est le plus grand nombre ici 4
98%
3-1 2
89%
2+1 3
88%
4-2 2
85%
12/4 3
83%
-4+6 2
80%
3^1 3
79%
2(3-1) 4
79%
9-8 1
77%
5/2,5 2
77%
2^2 4
74%
Racine cubique de 27 3
71%
40/10 4
71%
2/1 2
70%
(2^3)/(2^2) 2
67%
2^0 1
65%
6(1/2) 3
50%
Racine carrée de 4 2
40%
48/24+2 4
36%
30-58/2 1
23%
56/8-4 3
16%
(-4)^2-15 1
13%
6/(4+2) 1
13%
(20-10)/5 2
13%
2x+4=10 Quelle est la valeur de x? 3
7%
Le plus petit nombre naturel 1
4%
2x+4=7x-1 Quelle est la valeur de x? 1
3%
2^2 4
3%
Combien de facteurs positifs le 6 possède-t-il ? 4
2%
Aucun quiz correspondant
Distribution des résultats
% des personnes avec chaque résultat
Percentile par nombre de réponses
Votre historique - résultats
Vous n’avez pas pris ce quiz